| 000 | 00405nam a2200145Ia 4500 | ||
|---|---|---|---|
| 008 | 230917s9999||||xx |||||||||||||| ||und|| | ||
| 040 |
_e74114 _aMAIN |
||
| 041 | _aEnglish | ||
| 082 | _a658.4 H956R | ||
| 100 | _aHuseman, Richard C | ||
| 245 | 0 | _aReadings in organizational behaviour: Dimensions of management actions | |
| 260 |
_aBoston _bAllyn and Bacon _c1979 |
||
| 300 | _axiv, 432 p. | ||
| 942 | _cBK | ||
| 999 |
_c199904 _d199904 |
||